000
00336 a2200109 4500
001
ART_24964
005
20260410161933.0
008
260409a
245
1
0
_a
En torno a las medidas cambiarias vigentes del B.C.R.A.
100
1
_a
Stocker, Raúl Guillermo
773
0
_t
Informe
_g
- Año II, Nº 7 (ene. 1970)
_w
REV23765
999
_c
28782
_d
28782